Russische Millionenstädte (2021) - Statistiken

Allgemein
  • Dieses Quiz wurde 118 mal gespielt
  • Das Durchschnittsergebnis liegt bei 5 aus 16
Antwortstatistiken
Nr. Name % Korrekt
1 Moskau
100%
12 Omsk
46%
5 Kasan
38%
4 Jekaterinburg
36%
15 Perm
36%
11 Rostow am Don
36%
13 Krasnodar
34%
10 Ufa
34%
3 Nowosibirsk
30%
9 Samara
29%
7 Tscheljabinsk
24%
8 Krasnojarsk
20%
14 Woronesch
18%
6 Nischni Nowgorod (Gorki)
1%
2 St. Petersburg (Leningrad, Petrograd)
1%
16 Wolgograd (Stalingrad, Zarizyn)
1%
Keine übereinstimmenden Quizze gefunden
Verteilung der Resultate
Anzahl Personen mit jedem Resultat
Perzentil nach korrekt beantworteten Fragen
Ihre Resultats-Entwicklung
Sie haben dieses Quiz noch nicht gespielt